000 00646nam a2200217 i 4500
001 133484
003 ES-MaACL
005 20250526173557.0
007 t|
008 070816s1986 sp ||||1| spa d
020 _a84-204-2525-7
100 1 _aWolf, Christa.
_9117222
245 1 0 _aCasandra /
_cChrista Wolf ; traducción de Miguel Sènz.
260 _aMadrid :
_bAlfaguara,
_c1986.
300 _a163 p. ;
_c20 cm.
490 1 _aLiteratura Alfaguara ;
_v199
700 1 _aSáenz, Miguel,
_d1932-
_9101299
830 0 _aLiteratura Alfaguara ;
_v199
_9178100
852 _aES-MaACL
_jL-11346
_bR.112840
999 _c133484
_d133484